Current issues and problems in the auditing policy - lessons from the financial crisis

Salvato in:
Dettagli Bibliografici
Autore principale: Polončák, Milan
Altri autori: Schwartzová, Zuzana
Natura: Capitolo di libro
Lingua:inglese
Tags: Aggiungi Tag
Nessun Tag, puoi essere il primo ad aggiungerne!!

MARC

LEADER 00000naa$a2200000$$$4500
001 0175542
005 20240502083417.3
041 0 |a eng 
044 |a UA 
245 1 0 |a Current issues and problems in the auditing policy - lessons from the financial crisis  |c Milan Polončák, Zuzana Schwartzová 
100 1 |a Polončák, Milan 
700 1 |a Schwartzová, Zuzana